[Event "Sitges Sunway op 9th"]
[Site "Sitges"]
[Date "2022.12.16"]
[Round "5"]
[White "Krasteva, Beloslava"]
[Black "Le Pen, Steven"]
[Result "1-0"]
[WhiteElo "2350"]
[BlackElo "2038"]
[PlyCount "89"]
[EventDate "2022.12.12"]
[EventType "swiss"]
[EventRounds "10"]
[EventCountry "ESP"]
[SourceTitle "CBM 211 Extra"]
[Source "ChessBase"]
[SourceDate "2023.01.31"]
[SourceVersion "1"]
[SourceVersionDate "2023.01.31"]
[SourceQuality "1"]

1. d4 Nf6 2. Nf3 g6 3. Bg5 Bg7 4. Nbd2 d5 5. e3 0-0 6. Be2 c5 7. c3 b6 8. 0-0 Bb7 9. b4 cxb4 10. cxb4 Ne4 11. Nxe4 dxe4 12. Nd2 h6 13. Bh4 Nd7 14. Qb3 g5 15. Bg3 e5 16. Rad1 exd4 17. exd4 Nf6 18. Nc4 Qd5 19. Qb1 Rfd8 20. Be5 Qe6 21. Ne3 Bd5 22. a3 Ba2 23. Qa1 Bd5 24. Rc1 Bf8 25. Bb5 Bb7 26. Rc7 a6 27. Bc4 Bd5 28. Bxf6 Bxc4 29. d5 Bxd5 30. Bxd8 Rxd8 31. Rd1 Bg7 32. Qc1 Be5 33. Rc2 Rd6 34. Nxd5 Rxd5 35. Rxd5 Qxd5 36. Rd2 Qe6 37. g3 Qg4 38. Rd8+ Kg7 39. Qe3 b5 40. Qc5 Qf5 41. Re8 f6 42. Qe7+ Kg6 43. Rg8+ Kh5 44. Qf7+ Kg4 45. h3+ 1-0

[Event "Sitges Sunway op 9th"]
[Site "Sitges"]
[Date "2022.12.15"]
[Round "4"]
[White "Le Pen, Steven"]
[Black "Garcia Molina, Jose"]
[Result "1/2-1/2"]
[WhiteElo "2038"]
[BlackElo "2357"]
[PlyCount "191"]
[EventDate "2022.12.12"]
[EventType "swiss"]
[EventRounds "10"]
[EventCountry "ESP"]
[SourceTitle "CBM 211 Extra"]
[Source "ChessBase"]
[SourceDate "2023.01.31"]
[SourceVersion "1"]
[SourceVersionDate "2023.01.31"]
[SourceQuality "1"]

1. e4 c5 2. Nf3 d6 3. d4 cxd4 4. Nxd4 Nf6 5. Nc3 a6 6. Be3 e5 7. Nb3 Be6 8. f3 Nbd7 9. Qd2 Be7 10. 0-0-0 b5 11. g4 Nb6 12. Qf2 Rb8 13. Nc5 Bc8 14. g5 Nh5 15. Kb1 0-0 16. Rg1 Nc4 17. Bxc4 bxc4 18. N5a4 Be6 19. Nd5 Bxd5 20. Rxd5 Qc7 21. Qd2 Rfc8 22. Qa5 Qc6 23. Nc3 g6 24. Qa3 Qb7 25. Ka1 Rc6 26. Rb1 Qc7 27. Qa5 Qc8 28. Rd2 Ng7 29. Nd5 Bd8 30. Qa3 Ne6 31. Nb4 Rc7 32. c3 a5 33. Nd5 Rc6 34. h4 Qa6 35. Qa4 Nc7 36. Nxc7 Bxc7 37. Rd5 Qb7 38. b4 cxb3 39. Rxb3 Qa6 40. Rxb8+ Bxb8 41. Rb5 Bc7 42. c4 Kg7 43. a3 Bd8 44. Ka2 Rc8 45. Kb3 Qc6 46. Kc3 Qd7 47. Kd3 Qh3 48. Rb2 Qf1+ 49. Re2 Qxf3 50. Rf2 Qg4 51. Qb5 Qd1+ 52. Bd2 Qg4 53. Qd5 Qh3+ 54. Be3 Qd7 55. Qb5 Qc7 56. Rb2 Qe7 57. Qd5 Rc7 58. Rb8 Qd7 59. Qa8 Qa4 60. Qd5 Be7 61. Qb5 Qxa3+ 62. Ke2 Qa2+ 63. Kf3 Qh2 64. Qe8 Qh3+ 65. Ke2 Qg2+ 66. Kd3 Qf1+ 67. Kd2 Qg2+ 68. Ke1 Qh1+ 69. Kd2 Qg2+ 70. Kc3 Rxc4+ 71. Kxc4 Qxe4+ 72. Kb5 Qd3+ 73. Kb6 Qb3+ 74. Kc7 Qc4+ 75. Kb7 Qe4+ 76. Ka6 Qd3+ 77. Kb7 Qe4+ 78. Kc7 Qc4+ 79. Qc6 Qe6 80. Ra8 Qf5 81. Rxa5 Qh3 82. Qe4 Qe6 83. Qd5 Qh3 84. Ra3 Qxh4 85. Qg2 Qb4 86. Qa2 d5 87. Ra6 Qc3+ 88. Kd7 Qxe3 89. Kxe7 Qxg5+ 90. Ke8 Qf5 91. Rc6 e4 92. Qb2+ Kh6 93. Qh2+ Kg7 94. Qb2+ Kh6 95. Qh2+ Kg7 96. Qb2+ 1/2-1/2

[Event "Sitges Sunway op 9th"]
[Site "Sitges"]
[Date "2022.12.12"]
[Round "1"]
[White "Gholami Orimi, Mahdi"]
[Black "Le Pen, Steven"]
[Result "1-0"]
[WhiteElo "2415"]
[BlackElo "2038"]
[PlyCount "61"]
[EventDate "2022.12.12"]
[EventType "swiss"]
[EventRounds "10"]
[EventCountry "ESP"]
[SourceTitle "CBM 211 Extra"]
[Source "ChessBase"]
[SourceDate "2023.01.31"]
[SourceVersion "1"]
[SourceVersionDate "2023.01.31"]
[SourceQuality "1"]

1. d4 Nf6 2. c4 g6 3. Nc3 d5 4. Bg5 Ne4 5. Bh4 Nxc3 6. bxc3 dxc4 7. e3 Be6 8. Nh3 Bg7 9. Nf4 Bd5 10. Qb1 b6 11. Nxd5 Qxd5 12. Qb4 Qe4 13. Bg3 c5 14. Qa4+ Nc6 15. Bf4 0-0 16. f3 Qf5 17. Qxc6 Qc2 18. Be2 Qxc3+ 19. Kf2 cxd4 20. Rac1 Qb2 21. Qxc4 e5 22. Bg5 h6 23. Be7 dxe3+ 24. Kxe3 Rfe8 25. Bd6 Rad8 26. Rhd1 e4 27. fxe4 Qf6 28. Bf4 g5 29. Bg3 Rc8 30. Qxc8 Rxc8 31. Rxc8+ 1-0

[Event "FRA-chT Top 16 GpB"]
[Site "Chartres"]
[Date "2022.06.11"]
[Round "3.4"]
[White "Le Pen, Steven"]
[Black "Marzolo, Cyril"]
[Result "0-1"]
[WhiteElo "2079"]
[BlackElo "2378"]
[PlyCount "59"]
[EventDate "2022.06.09"]
[EventType "team-tourn"]
[EventRounds "7"]
[EventCountry "FRA"]
[SourceTitle "CBM 208 Extra"]
[Source "ChessBase"]
[SourceDate "2022.07.31"]
[SourceVersion "1"]
[SourceVersionDate "2022.07.31"]
[SourceQuality "1"]
[WhiteTeam "Echiquier de l'Erdre"]
[BlackTeam "Lyon"]
[WhiteTeamCountry "FRA"]
[BlackTeamCountry "FRA"]

1. e4 c5 2. Nf3 d6 3. d4 cxd4 4. Nxd4 Nf6 5. Nc3 e6 6. Be3 Be7 7. f3 a6 8. Qd2 b5 9. g4 Bb7 10. g5 Nfd7 11. a3 Nb6 12. Rg1 N8d7 13. f4 Rc8 14. f5 Ne5 15. Qf2 Nbc4 16. fxe6 0-0 17. Bh3 Nxb2 18. exf7+ Rxf7 19. Be6 Rxc3 20. Bxf7+ Kh8 21. Bd2 Rxc2 22. Qf5 g6 23. Qe6 Rc4 24. Be3 Nbd3+ 25. Ke2 Rxd4 26. Bxd4 Nf4+ 27. Ke3 Nxe6 28. Bxe6 Bxg5+ 29. Ke2 Qf6 30. Bc3 0-1

[Event "FRA-chT Top 12"]
[Site "Chalons en Champagne"]
[Date "2021.06.29"]
[Round "6.6"]
[White "Le Pen, Steven"]
[Black "Guilleux, Fabien"]
[Result "0-1"]
[WhiteElo "2107"]
[BlackElo "2448"]
[PlyCount "54"]
[EventDate "2021.06.24"]
[EventType "team-tourn"]
[EventRounds "11"]
[EventCountry "FRA"]
[SourceTitle "CBM 203 Extra"]
[Source "ChessBase"]
[SourceDate "2021.09.30"]
[SourceVersion "1"]
[SourceVersionDate "2021.09.30"]
[SourceQuality "1"]
[WhiteTeam "Echiquier de l'Erdre"]
[BlackTeam "Chalons en Champagne"]
[WhiteTeamCountry "FRA"]
[BlackTeamCountry "FRA"]

1. e4 c5 2. Nf3 d6 3. d4 cxd4 4. Nxd4 Nf6 5. Nc3 a6 6. Be3 e6 7. g4 e5 8. Nf5 Nc6 9. g5 Nxe4 10. Nxg7+ Bxg7 11. Nxe4 d5 12. Ng3 d4 13. Bd2 Qd5 14. Rg1 Be6 15. c4 dxc3 16. Bxc3 Qxd1+ 17. Rxd1 Nd4 18. Bxd4 exd4 19. Nh5 Be5 20. f4 Bc7 21. b3 0-0-0 22. Be2 Ba5+ 23. Kf1 Bh3+ 24. Kf2 d3 25. Bg4+ Bxg4 26. Rxg4 Rhe8 27. Rg2 d2 0-1

[Event "FRA-chT Top 12"]
[Site "Chalons en Champagne"]
[Date "2021.06.28"]
[Round "5.3"]
[White "Milliet, Sophie"]
[Black "Le Pen, Steven"]
[Result "0-1"]
[WhiteElo "2407"]
[BlackElo "2107"]
[PlyCount "112"]
[EventDate "2021.06.24"]
[EventType "team-tourn"]
[EventRounds "11"]
[EventCountry "FRA"]
[SourceTitle "CBM 203 Extra"]
[Source "ChessBase"]
[SourceDate "2021.09.30"]
[SourceVersion "1"]
[SourceVersionDate "2021.09.30"]
[SourceQuality "1"]
[WhiteTeam "Grasse Echecs"]
[BlackTeam "Echiquier de l'Erdre"]
[WhiteTeamCountry "FRA"]
[BlackTeamCountry "FRA"]

1. e4 e5 2. Nf3 d6 3. d4 exd4 4. Nxd4 Nf6 5. Nc3 Be7 6. g3 d5 7. e5 Ng4 8. Bg2 0-0 9. 0-0 c5 10. Ndb5 d4 11. Nd5 Nc6 12. Bf4 Ngxe5 13. Nbc7 Rb8 14. Nxe7+ Qxe7 15. Nd5 Qd8 16. c4 Bg4 17. Qa4 Rc8 18. Bxe5 Nxe5 19. Qxa7 Nxc4 20. Qxb7 Nd6 21. Qa7 Re8 22. b4 Be2 23. bxc5 Nb5 24. Qb6 Bxf1 25. Kxf1 Nc3 26. Qxd8 Rcxd8 27. Nxc3 dxc3 28. Rc1 Re5 29. c6 Rc5 30. Rc2 Rd4 31. f4 f5 32. Ke2 Kf8 33. Ke3 Rd8 34. a4 Ke7 35. a5 Rd2 36. Rxc3 Rxc3+ 37. Kxd2 Ra3 38. Ke2 Kd6 39. Kf2 Ra2+ 40. Kg1 Rxa5 41. h3 Rc5 42. Kh2 Rc3 43. g4 Ke6 44. Bh1 Kf6 45. Bd5 h6 46. Kg2 g5 47. fxg5+ hxg5 48. gxf5 Kxf5 49. h4 gxh4 50. Kh2 Kf4 51. Bg2 Kg4 52. Bd5 Rc2+ 53. Kg1 Kg3 54. Kf1 h3 55. Ke1 h2 56. Kd1 Rg2 0-1

[Event "Sitges Sunway 7th"]
[Site "Sitges"]
[Date "2020.12.22"]
[Round "9"]
[White "Le Pen, Steven"]
[Black "Luque Saiz, Andres"]
[Result "0-1"]
[WhiteElo "2141"]
[BlackElo "2069"]
[PlyCount "120"]
[EventDate "2020.12.13"]
[EventType "swiss"]
[EventRounds "10"]
[EventCountry "ESP"]
[SourceTitle "CBM 199 Extra"]
[Source "ChessBase"]
[SourceDate "2021.01.31"]
[SourceVersion "1"]
[SourceVersionDate "2021.01.31"]
[SourceQuality "1"]

1. e4 e6 2. d4 d5 3. Nc3 Bb4 4. exd5 exd5 5. Bd3 Nc6 6. a3 Ba5 7. Nge2 Nge7 8. 0-0 Bg4 9. f3 Bh5 10. Be3 Qd7 11. b4 Bb6 12. Nf4 Bg6 13. Bb5 0-0 14. Bf2 Qd6 15. Nxg6 Qxg6 16. Ne2 Qf6 17. c3 Nd8 18. Bd3 c6 19. Bg3 Nf5 20. Qd2 Re8 21. Bf2 Bc7 22. Ng3 Nxg3 23. Bxg3 Bxg3 24. hxg3 Qd6 25. Qf4 Qxf4 26. gxf4 Ne6 27. g3 Nc7 28. Rfe1 h6 29. Kf2 a6 30. a4 Rxe1 31. Rxe1 Re8 32. Rxe8+ Nxe8 33. Ke3 Nd6 34. f5 Kf8 35. Kf4 Ke7 36. Ke5 f6+ 37. Kf4 b5 38. a5 Nf7 39. Kg4 Ng5 40. Be2 Kf7 41. Kh5 Kf8 42. Kg6 Kg8 43. Bd1 Nf7 44. Be2 Nd6 45. Bd3 Nc8 46. Kh5 Kf7 47. Kg4 Kg8 48. Kf4 Nd6 49. Bf1 Kh7 50. Bh3 h5 51. Bf1 Kh6 52. Bd3 Nc4 53. Bf1 Nb2 54. Ke3 h4 55. gxh4 Kh5 56. f4 Nc4+ 57. Kf2 Kxh4 58. Be2 Nd6 59. Bd3 Kg4 60. Ke3 Nxf5+ 0-1

[Event "Sitges Sunway 7th"]
[Site "Sitges"]
[Date "2020.12.14"]
[Round "2"]
[White "Carroll, Peter"]
[Black "Le Pen, Steven"]
[Result "1-0"]
[WhiteElo "2031"]
[BlackElo "2141"]
[PlyCount "115"]
[EventDate "2020.12.13"]
[EventType "swiss"]
[EventRounds "10"]
[EventCountry "ESP"]
[SourceTitle "CBM 199 Extra"]
[Source "ChessBase"]
[SourceDate "2021.01.31"]
[SourceVersion "1"]
[SourceVersionDate "2021.01.31"]
[SourceQuality "1"]

1. e4 c5 2. Nf3 d6 3. d4 cxd4 4. Nxd4 Nf6 5. Nc3 Nc6 6. Bg5 e6 7. Qd2 a6 8. f4 Bd7 9. 0-0-0 b5 10. Bxf6 gxf6 11. Kb1 Qb6 12. f5 Nxd4 13. Qxd4 Qxd4 14. Rxd4 Rg8 15. g3 Bc6 16. Bh3 Ke7 17. Re1 Bb7 18. a4 bxa4 19. Red1 Rd8 20. Rb4 Bc6 21. Rb6 Bb5 22. Nxb5 axb5 23. Rxb5 Bh6 24. Rd4 Be3 25. Rxa4 Rd7 26. c3 e5 27. Bf1 Bg1 28. Be2 Bxh2 29. g4 Bf4 30. Rd5 Rb8 31. Ra6 Rdb7 32. b4 Rd7 33. Bb5 Rc7 34. c4 Rd8 35. Kc2 Be3 36. Kd3 Bd4 37. Kc2 Rb7 38. Kb3 Rc7 39. Ba4 Ra7 40. Rxa7+ Bxa7 41. Ra5 Bd4 42. Ka3 Rb8 43. Ra6 Bb6 44. Bc6 Bd4 45. Ka4 Rg8 46. Kb5 Rb8+ 47. Ka5 Bc3 48. Ra7+ Kf8 49. Bb5 Kg7 50. Rd7 Ra8+ 51. Ba6 Rb8 52. Bb7 Kh6 53. Kb5 Kg5 54. c5 d5 55. exd5 e4 56. Kc4 e3 57. Kxc3 Re8 58. Ba6 1-0

[Event "FRA-ch Blitz Online Qual"]
[Site "Europe Echecs INT"]
[Date "2020.05.16"]
[Round "2"]
[White "Le Cainec, Erwan"]
[Black "Le Pen, Steven"]
[Result "0-1"]
[WhiteElo "1052"]
[BlackElo "2141"]
[PlyCount "64"]
[EventDate "2020.05.16"]
[EventType "swiss (blitz)"]
[EventRounds "15"]
[EventCountry "FRA"]
[SourceTitle "CBM 196 Extra"]
[Source "ChessBase"]
[SourceDate "2020.07.31"]
[SourceVersion "1"]
[SourceVersionDate "2020.07.31"]
[SourceQuality "1"]

1. d4 Nf6 2. c4 g6 3. Nc3 d5 4. Bg5 Ne4 5. Nxe4 dxe4 6. e3 Bg7 7. Ne2 0-0 8. g3 h6 9. Bf4 g5 10. Be5 f6 11. Bf4 gxf4 12. exf4 f5 13. Bg2 c5 14. 0-0 cxd4 15. Qb3 Nc6 16. Rad1 d3 17. Nc3 Nd4 18. Qb4 a5 19. Qc5 b6 20. Qe5 Bxe5 21. fxe5 Qc7 22. Nd5 Qxe5 23. Rfe1 Ne2+ 24. Kh1 e6 25. Nf4 Nxf4 26. gxf4 Qxf4 27. Rf1 Kh8 28. Rg1 Qxf2 29. Rdf1 Qh4 30. b3 Bb7 31. Re1 d2 32. Rd1 Rad8 0-1

[Event "FRA-ch Blitz Online Qual"]
[Site "Europe Echecs INT"]
[Date "2020.05.16"]
[Round "11"]
[White "Le Pen, Steven"]
[Black "Bag, Ayoub"]
[Result "1-0"]
[WhiteElo "2141"]
[BlackElo "1467"]
[PlyCount "37"]
[EventDate "2020.05.16"]
[EventType "swiss (blitz)"]
[EventRounds "15"]
[EventCountry "FRA"]
[SourceTitle "CBM 196 Extra"]
[Source "ChessBase"]
[SourceDate "2020.07.31"]
[SourceVersion "1"]
[SourceVersionDate "2020.07.31"]
[SourceQuality "1"]

1. e4 e6 2. d4 d5 3. Nc3 dxe4 4. Nxe4 Nd7 5. Nf3 Ngf6 6. Bg5 Be7 7. Nxf6+ Nxf6 8. Bd3 0-0 9. c3 b6 10. Qc2 h6 11. Bd2 Bb7 12. 0-0-0 Qc8 13. Rhg1 c5 14. dxc5 Bxc5 15. Rdf1 Rd8 16. Ne5 Bd6 17. Bf4 Qc5 18. Re1 Qxf2 19. Qxf2 1-0

[Event "Rochefort op-A 19th"]
[Site "Rochefort"]
[Date "2020.02.22"]
[Round "3"]
[White "Le Pen, Steven"]
[Black "Sahil, Tickoo"]
[Result "1-0"]
[WhiteElo "2047"]
[BlackElo "2275"]
[PlyCount "109"]
[EventDate "2020.02.22"]
[EventType "swiss"]
[EventRounds "9"]
[EventCountry "FRA"]
[SourceTitle "CBM 195 Extra"]
[Source "ChessBase"]
[SourceDate "2020.05.31"]
[SourceVersion "1"]
[SourceVersionDate "2020.05.31"]
[SourceQuality "1"]

1. e4 e5 2. Nf3 Nc6 3. Bb5 a6 4. Ba4 Nf6 5. d3 Bc5 6. Bxc6 dxc6 7. h3 Bd6 8. 0-0 c5 9. Nbd2 Nd7 10. a4 Nf8 11. Nc4 Ng6 12. Bg5 f6 13. Be3 Be6 14. Nxd6+ cxd6 15. c3 0-0 16. d4 cxd4 17. cxd4 Rc8 18. d5 Bd7 19. Qb3 b5 20. Qb4 Qe7 21. Rfc1 bxa4 22. Qb7 Rb8 23. Qxa6 Ra8 24. Qe2 Rfc8 25. Nd2 Rab8 26. Rxc8+ Rxc8 27. Qa6 Rb8 28. Nc4 Bb5 29. Qxd6 Qxd6 30. Nxd6 Bd7 31. Nc4 Rb4 32. Rc1 Nf4 33. Bxf4 exf4 34. e5 fxe5 35. Nxe5 Bf5 36. d6 Rxb2 37. d7 Bxd7 38. Nxd7 a3 39. Ne5 Rb8 40. Ra1 Ra8 41. Ra2 Ra4 42. Kf1 g5 43. Nf3 h6 44. Ne1 Kg7 45. Ke2 h5 46. Nc2 g4 47. Rxa3 f3+ 48. gxf3 Rxa3 49. Nxa3 gxh3 50. Kf1 Kf6 51. Kg1 Ke5 52. Nc2 Kf4 53. Ne1 Kg5 54. Kh2 Kh4 55. Nd3 1-0

[Event "Noisiel op 5th"]
[Site "Noisiel"]
[Date "2020.02.19"]
[Round "8"]
[White "Le Pen, Steven"]
[Black "Macon, Arthur"]
[Result "1/2-1/2"]
[WhiteElo "2047"]
[BlackElo "2343"]
[PlyCount "120"]
[EventDate "2020.02.15"]
[EventType "swiss"]
[EventRounds "9"]
[EventCountry "FRA"]
[SourceTitle "CBM 195 Extra"]
[Source "ChessBase"]
[SourceDate "2020.05.31"]
[SourceVersion "1"]
[SourceVersionDate "2020.05.31"]
[SourceQuality "1"]

1. e4 c6 2. d4 d5 3. e5 Bf5 4. h4 Qb6 5. g4 Bd7 6. Nc3 e6 7. Nge2 c5 8. Be3 Nc6 9. Qd2 cxd4 10. Bxd4 Nxd4 11. Nxd4 Bb4 12. a3 Bxc3 13. Qxc3 Ne7 14. h5 Rc8 15. Qb4 Qc7 16. f4 f6 17. exf6 gxf6 18. Nb5 Bxb5 19. Bxb5+ Kf7 20. Bd3 Nc6 21. Qd2 Nd4 22. 0-0 Nxc2 23. Rac1 Qb6+ 24. Kh1 Ne3 25. Rxc8 Rxc8 26. Rg1 Nc4 27. Qc2 Qxb2 28. Qxb2 Nxb2 29. Bxh7 Nc4 30. Rc1 b5 31. Bd3 a5 32. g5 f5 33. Kg1 b4 34. axb4 axb4 35. Rb1 Rb8 36. Ra1 Rb7 37. Ra8 Nb6 38. Rh8 Nd7 39. Rh7+ Kg8 40. Rh6 Nc5 41. Rg6+ Rg7 42. Rxg7+ Kxg7 43. Bb1 b3 44. Kf2 Ne4+ 45. Ke3 e5 46. fxe5 Nxg5 47. Bxf5 Ne6 48. Kd3 Kh6 49. Bg6 Nc5+ 50. Kc3 Ne6 51. Kxb3 Nf4 52. Kc3 Nxg6 53. hxg6 Kxg6 54. Kd4 Kf7 55. Kxd5 Ke7 56. e6 Ke8 57. Ke5 Ke7 58. Kf5 Ke8 59. Kg4 Ke7 60. Kh3 Kxe6 1/2-1/2

[Event "Noisiel op 5th"]
[Site "Noisiel"]
[Date "2020.02.18"]
[Round "6"]
[White "Le Pen, Steven"]
[Black "Deodhar, Vrushali Umesh"]
[Result "1-0"]
[WhiteElo "2047"]
[BlackElo "1880"]
[PlyCount "131"]
[EventDate "2020.02.15"]
[EventType "swiss"]
[EventRounds "9"]
[EventCountry "FRA"]
[SourceTitle "CBM 195 Extra"]
[Source "ChessBase"]
[SourceDate "2020.05.31"]
[SourceVersion "1"]
[SourceVersionDate "2020.05.31"]
[SourceQuality "1"]

1. e4 e6 2. d4 d5 3. Nc3 Bb4 4. exd5 exd5 5. Bd3 Nf6 6. Nge2 0-0 7. 0-0 Nc6 8. a3 Be7 9. h3 Ne8 10. Nf4 Be6 11. Re1 Qd7 12. Be3 Bf6 13. Ncxd5 Bxd5 14. Qh5 g6 15. Qxd5 Qxd5 16. Nxd5 Bxd4 17. Ne7+ Nxe7 18. Bxd4 Nc6 19. Bc5 Nd6 20. Bxd6 cxd6 21. Be4 Rfe8 22. Rad1 Rad8 23. Bxc6 Rxe1+ 24. Rxe1 bxc6 25. Re7 Rb8 26. b3 a5 27. Rc7 Rb6 28. Kf1 Kg7 29. Ke2 Kf6 30. Kd3 Ra6 31. a4 Ke6 32. Ke4 h5 33. g4 hxg4 34. hxg4 c5 35. Kd3 Rb6 36. Ra7 Rb4 37. Rxa5 Rxg4 38. Rb5 Kd5 39. a5 Kc6 40. a6 Kxb5 41. a7 Kb4 42. a8Q Rd4+ 43. Ke3 Kc3 44. Qf3 f5 45. Qg2 Kxc2 46. Qxg6 Rd3+ 47. Ke2 Rd2+ 48. Kf1 Kxb3 49. Qxf5 c4 50. Qb5+ Kc3 51. f4 Rd4 52. f5 d5 53. Ke2 Re4+ 54. Kf3 Kd4 55. Qb6+ Kd3 56. f6 Re1 57. Qf2 Re8 58. f7 Rd8 59. Qe2+ Kc3 60. Qe7 Ra8 61. Qe3+ Kc2 62. Qd4 Rd8 63. Ke3 c3 64. Qa4+ Kb2 65. Kd3 d4 66. Qb5+ 1-0

[Event "Sautron op 19th"]
[Site "Sautron"]
[Date "2019.10.21"]
[Round "5.7"]
[White "Cotonnec, Melkior"]
[Black "Le Pen, Steven"]
[Result "1-0"]
[WhiteElo "2330"]
[BlackElo "2017"]
[PlyCount "113"]
[EventDate "2019.12.10"]
[EventType "swiss"]
[EventRounds "9"]
[EventCountry "FRA"]
[SourceTitle "EXT 2022"]
[Source "ChessBase"]
[SourceDate "2021.10.06"]
[SourceVersion "1"]
[SourceVersionDate "2021.10.06"]
[SourceQuality "1"]

1. e4 c5 2. Nf3 d6 3. d4 cxd4 4. Nxd4 Nf6 5. Nc3 Nc6 6. g3 e5 7. Nb3 Be7 8. Bg2 0-0 9. 0-0 a5 10. a4 Nb4 11. Be3 Bg4 12. Qd2 Rc8 13. h3 Be6 14. Rfd1 b6 15. Rac1 Nd7 16. g4 Kh8 17. Nd5 Bxd5 18. exd5 f5 19. gxf5 Rxf5 20. Qe2 Ra8 21. Nd2 Na6 22. Ne4 Nac5 23. Ng3 Rf8 24. Qg4 Nf6 25. Qc4 Qd7 26. Ra1 Rac8 27. Qb5 Qxb5 28. axb5 g6 29. c3 Nfd7 30. Ne4 Nxe4 31. Bxe4 Nc5 32. Bg2 Bd8 33. b4 Nd7 34. Rdc1 Rc4 35. Bf1 Rh4 36. bxa5 bxa5 37. c4 Nc5 38. Ra2 Rf7 39. b6 Bxb6 40. Rb1 Bc7 41. Bxc5 dxc5 42. Rb5 Rhf4 43. Rxc5 Kg7 44. Rc6 Rd4 45. Kg2 e4 46. Ra6 h5 47. Re6 h4 48. Rc6 Rd1 49. Be2 Rd4 50. Bg4 Re7 51. Rb2 Kf7 52. Be6+ Kf6 53. Rb7 Bd8 54. Rb8 Rc7 55. Rxd8 Rxc6 56. Rf8+ Ke7 57. dxc6 1-0

[Event "Sautron op 19th"]
[Site "Sautron"]
[Date "2019.10.20"]
[Round "3.8"]
[White "Duboue, Peio"]
[Black "Le Pen, Steven"]
[Result "1/2-1/2"]
[WhiteElo "2420"]
[BlackElo "2017"]
[PlyCount "77"]
[EventDate "2019.12.10"]
[EventType "swiss"]
[EventRounds "9"]
[EventCountry "FRA"]
[SourceTitle "EXT 2022"]
[Source "ChessBase"]
[SourceDate "2021.10.06"]
[SourceVersion "1"]
[SourceVersionDate "2021.10.06"]
[SourceQuality "1"]

1. e4 c5 2. c3 Nf6 3. e5 Nd5 4. d4 cxd4 5. Nf3 Nc6 6. cxd4 d6 7. Bc4 Nb6 8. Bb5 Bd7 9. exd6 e6 10. Bg5 Qb8 11. Nc3 Bxd6 12. a3 0-0 13. 0-0 a6 14. Bd3 Ne7 15. Qe2 Nbd5 16. Nxd5 Nxd5 17. Ne5 Qe8 18. Rfe1 Bb5 19. Nc4 Bxc4 20. Bxc4 Qc6 21. Rac1 Qb6 22. Qg4 Kh8 23. Qh4 Rae8 24. b4 a5 25. Red1 f6 26. Bd3 f5 27. bxa5 Qxa5 28. Rb1 b6 29. Bb5 Rb8 30. Rd3 Rf7 31. Bd2 Qa8 32. Re1 Nc7 33. Bc4 Re8 34. Rde3 Rf6 35. Rh3 h6 36. Qh5 Kh7 37. Bd3 Rg6 38. f3 Qxa3 39. Bf1 1/2-1/2

[Event "Sautron op 19th"]
[Site "Sautron"]
[Date "2019.10.19"]
[Round "4.16"]
[White "Le Pen, Steven"]
[Black "Genereau, Thierry"]
[Result "1-0"]
[WhiteElo "2017"]
[BlackElo "1849"]
[PlyCount "61"]
[EventDate "2019.12.10"]
[EventType "swiss"]
[EventRounds "9"]
[EventCountry "FRA"]
[SourceTitle "EXT 2022"]
[Source "ChessBase"]
[SourceDate "2021.10.06"]
[SourceVersion "1"]
[SourceVersionDate "2021.10.06"]
[SourceQuality "1"]

1. e4 c6 2. d4 d5 3. e5 Bf5 4. h4 h5 5. Bd3 Bxd3 6. Qxd3 e6 7. Bg5 Be7 8. Nf3 Nh6 9. Bxh6 Rxh6 10. Nbd2 c5 11. dxc5 Qa5 12. c3 Qxc5 13. 0-0 Nd7 14. c4 Nb6 15. Rfc1 Rd8 16. Qe2 dxc4 17. Nxc4 Nxc4 18. Rxc4 Qb6 19. Rac1 Rg6 20. Qc2 Qb5 21. a4 Qd5 22. Rd4 Qxf3 23. Rxd8+ Bxd8 24. Qxg6 Qe2 25. Qxg7 Bb6 26. Qf6 Qxb2 27. Rc8+ Kd7 28. Rf8 Kc6 29. Rxf7 Qa1+ 30. Kh2 Qxa4 31. Qxe6+ 1-0

[Event "Sables d'Olonne op 6th"]
[Site "Sables d'Olonne"]
[Date "2019.07.18"]
[Round "8"]
[White "Brehier, William"]
[Black "Le Pen, Steven"]
[Result "0-1"]
[WhiteElo "1865"]
[BlackElo "2094"]
[PlyCount "100"]
[EventDate "2019.07.13"]
[EventType "swiss"]
[EventRounds "9"]
[EventCountry "FRA"]
[SourceTitle "EXT 2020"]
[Source "ChessBase"]
[SourceDate "2019.10.17"]
[SourceVersion "1"]
[SourceVersionDate "2019.10.17"]
[SourceQuality "1"]

1. e4 c5 2. Nf3 d6 3. d4 cxd4 4. Nxd4 Nf6 5. Nc3 Nc6 6. Bc4 e6 7. Bb3 Be7 8. 0-0 0-0 9. Be3 Bd7 10. f4 Nxd4 11. Bxd4 Bc6 12. Qf3 b5 13. Rae1 b4 14. Nd1 Qc7 15. Nf2 e5 16. Be3 Qb7 17. Bd2 Bb5 18. Nd3 a5 19. Rf2 Bc6 20. Rfe2 Qb5 21. fxe5 dxe5 22. Qg3 a4 23. Bd5 Bxd5 24. exd5 e4 25. Nf4 Bd6 26. Qg5 h6 27. Qf5 Rfe8 28. Nh5 Nxh5 29. Qxh5 Re5 30. Qg4 h5 31. Qf4 Rae8 32. Be3 Qxd5 33. Rd2 Qe6 34. Qf2 Bc7 35. Rde2 Rf5 36. Qh4 Qxa2 37. Bd4 Qd5 38. Rxe4 Rxe4 39. Rxe4 Qb5 40. Qe1 Bd6 41. h3 a3 42. bxa3 bxa3 43. Qa1 f6 44. Qa2+ Qd5 45. Qxd5+ Rxd5 46. Bc3 Rd1+ 47. Kf2 Rc1 48. Bb4 Bxb4 49. Rxb4 a2 50. Rb8+ Kh7 0-1

[Event "Sables d'Olonne op 6th"]
[Site "Sables d'Olonne"]
[Date "2019.07.17"]
[Round "7"]
[White "Le Pen, Steven"]
[Black "Dalaud, Dorian"]
[Result "0-1"]
[WhiteElo "2094"]
[BlackElo "2220"]
[PlyCount "94"]
[EventDate "2019.07.13"]
[EventType "swiss"]
[EventRounds "9"]
[EventCountry "FRA"]
[SourceTitle "EXT 2020"]
[Source "ChessBase"]
[SourceDate "2019.10.17"]
[SourceVersion "1"]
[SourceVersionDate "2019.10.17"]
[SourceQuality "1"]

1. e4 c5 2. Nf3 d6 3. d4 cxd4 4. Nxd4 Nf6 5. Nc3 a6 6. Be3 e5 7. Nb3 Be6 8. f3 h5 9. Qd2 Nbd7 10. Nd5 Bxd5 11. exd5 g6 12. Be2 Bg7 13. 0-0 0-0 14. a4 a5 15. Bb5 Qc7 16. c4 b6 17. h3 Nc5 18. Nxc5 bxc5 19. Ra3 Nh7 20. Rb3 Rab8 21. Bf2 f5 22. Be1 e4 23. Qxa5 Bd4+ 24. Kh1 Qe7 25. Qd2 exf3 26. Rbxf3 Ng5 27. Rd3 f4 28. Bh4 Be3 29. Qe2 Rf5 30. Rxf4 Rxf4 31. Rxe3 Qf6 32. Re6 Qf5 33. Bxg5 Qxg5 34. a5 Rbf8 35. Qe3 Rf1+ 36. Kh2 Qxe3 37. Rxe3 Ra1 38. Rg3 Kg7 39. a6 Rff1 40. Ra3 g5 41. Ba4 Rxa3 42. bxa3 Rf7 43. Kg3 Kh6 44. Bc6 h4+ 45. Kh2 Ra7 46. Bb7 Kg6 47. g3 Kf5 0-1

[Event "Angers op 14th"]
[Site "Angers"]
[Date "2019.05.31"]
[Round "2"]
[White "Le Pen, Steven"]
[Black "Jolly, Jean Francois"]
[Result "0-1"]
[WhiteElo "2093"]
[BlackElo "2361"]
[PlyCount "94"]
[EventDate "2019.05.31"]
[EventType "swiss"]
[EventRounds "6"]
[EventCountry "FRA"]
[SourceTitle "CBM 190 Extra"]
[Source "ChessBase"]
[SourceDate "2019.07.15"]
[SourceVersion "1"]
[SourceVersionDate "2019.07.15"]
[SourceQuality "1"]

1. e4 c6 2. d4 d5 3. e5 Bf5 4. h4 h6 5. g4 Bd7 6. f4 e6 7. h5 c5 8. Nf3 Nc6 9. c3 Qb6 10. Bh3 Rc8 11. dxc5 Bxc5 12. Qe2 Nge7 13. Nbd2 0-0 14. Nb3 d4 15. cxd4 Nxd4 16. Nfxd4 Bxd4 17. Nxd4 Qxd4 18. Be3 Qb4+ 19. Qd2 Nd5 20. Qxb4 Nxb4 21. Rd1 Bb5 22. Bf1 Bxf1 23. Rxf1 Nd5 24. Ke2 Rc4 25. Rd4 Rc2+ 26. Rd2 Rfc8 27. Rfd1 R2c6 28. Kf3 a5 29. a4 Kf8 30. f5 Kg8 31. Rd3 Kh7 32. Rb3 R8c7 33. Rbd3 Re7 34. fxe6 fxe6 35. Ke4 Rf7 36. Rb3 Rc4+ 37. Rd4 Rc2 38. Rd2 Rc1 39. Rg2 Rc4+ 40. Kd3 Rxa4 41. g5 hxg5 42. Rxg5 Rf3 43. Ke2 Rb4 44. Ra3 Rxe3+ 45. Rxe3 Rxb2+ 46. Kf3 Nxe3 47. Kxe3 Rb6 0-1